[Event "EU-ch Rapid (Women)"]
[Site "Monaco"]
[Date "2024.01.14"]
[Round "6"]
[White "Dubois, Martine"]
[Black "Khurtsilava, Inga"]
[Result "0-1"]
[WhiteElo "1799"]
[BlackElo "2186"]
[PlyCount "114"]
[EventDate "2024.01.13"]
[EventType "swiss (rapid)"]
[EventRounds "11"]
[EventCountry "MNC"]
[SourceTitle "CB03_2024"]
[SourceDate "2024.01.17"]
[SourceVersion "1"]
[SourceVersionDate "2024.01.17"]
[SourceQuality "1"]

1. e4 c6 2. Nf3 d5 3. exd5 cxd5 4. Ne5 Nc6 5. Bb5 Bd7 6. Bxc6 Bxc6 7. d4 Nf6 8. 0-0 e6 9. Nd2 Be7 10. Ndf3 Bb5 11. Re1 0-0 12. a4 Ba6 13. Nd3 Rc8 14. c3 Ne4 15. Nb4 Bc4 16. Ne5 a5 17. Nxc4 axb4 18. Nd2 bxc3 19. Nxe4 c2 20. Qd3 dxe4 21. Qxe4 Bb4 22. Re2 Qd5 23. Qd3 Rc4 24. Be3 Rfc8 25. Rc1 e5 26. Rexc2 Rxc2 27. Rxc2 Rxc2 28. Qxc2 exd4 29. Bd2 Bf8 30. b4 h6 31. h3 d3 32. Qd1 Qe4 33. Kf1 Bd6 34. Qf3 Qd4 35. Qd1 Qc4 36. g3 Qe4 37. f3 Qc4 38. Kg2 h5 39. h4 Qa2 40. Kh3 Qe6+ 41. Kg2 Qe5 42. f4 Qb2 43. Kh3 Qd4 44. Qe1 Kh7 45. Bc3 Qd5 46. Bd2 g6 47. Kh2 Qa2 48. Kh3 Qxa4 49. Qb1 Qd7+ 50. Kh2 Qf5 51. Qb3 Kg8 52. Qc4 Bf8 53. Qd4 Bg7 54. Qd8+ Kh7 55. Qb6 Qe4 56. Qe3 Qxe3 57. Bxe3 Bc3 0-1

[Event "EU-ch Rapid (Women)"]
[Site "Monaco"]
[Date "2024.01.14"]
[Round "9"]
[White "Khurtsilava, Inga"]
[Black "Zvereva, Marija"]
[Result "1-0"]
[WhiteElo "2186"]
[BlackElo "2049"]
[PlyCount "109"]
[EventDate "2024.01.13"]
[EventType "swiss (rapid)"]
[EventRounds "11"]
[EventCountry "MNC"]
[SourceTitle "CB03_2024"]
[SourceDate "2024.01.17"]
[SourceVersion "1"]
[SourceVersionDate "2024.01.17"]
[SourceQuality "1"]

1. Nf3 Nf6 2. g3 d6 3. Bg2 e5 4. d3 Be7 5. c4 0-0 6. Nc3 c6 7. 0-0 Nbd7 8. b4 Qc7 9. b5 d5 10. Bb2 Re8 11. Rc1 Qa5 12. Nd2 d4 13. Nb3 Qc7 14. Nb1 Nc5 15. Nxc5 Bxc5 16. Nd2 Bf8 17. Qa4 c5 18. e4 dxe3 19. fxe3 Bg4 20. Ne4 Nxe4 21. Bxe4 Bh3 22. Rf2 g6 23. Bd5 Be6 24. Rcf1 Bh6 25. Bc1 f5 26. Qc2 Bxd5 27. cxd5 e4 28. Qc4 Qd6 29. Rc2 b6 30. d4 cxd4 31. Qxd4 Bg7 32. Qd2 Rad8 33. Rd1 Re5 34. Bb2 Rxd5 35. Qxd5+ Qxd5 36. Rxd5 Rxd5 37. Rc8+ Kf7 38. Rc7+ Ke6 39. Bxg7 Rd1+ 40. Kf2 Rd2+ 41. Ke1 Rxa2 42. h4 Ra5 43. Bd4 h5 44. Kd2 Rxb5 45. Rxa7 Kd5 46. Rb7 Ra5 47. Rxb6 Ra2+ 48. Ke1 Rg2 49. Rxg6 Kc4 50. Rc6+ Kd5 51. Rc5+ Ke6 52. Be5 Rh2 53. Bf4 Rh1+ 54. Kd2 Rh2+ 55. Kc3 1-0

[Event "EU-ch Rapid (Women)"]
[Site "Monaco"]
[Date "2024.01.13"]
[Round "4"]
[White "Rodriguez Redondo, Adhara"]
[Black "Khurtsilava, Inga"]
[Result "1-0"]
[WhiteElo "2130"]
[BlackElo "2186"]
[PlyCount "62"]
[EventDate "2024.01.13"]
[EventType "swiss (rapid)"]
[EventRounds "11"]
[EventCountry "MNC"]
[SourceTitle "CB03_2024"]
[SourceDate "2024.01.17"]
[SourceVersion "1"]
[SourceVersionDate "2024.01.17"]
[SourceQuality "1"]

1. e4 d5 2. exd5 Qxd5 3. Nc3 Qd8 4. h3 Nf6 5. Nf3 Bf5 6. Bc4 e6 7. 0-0 c6 8. Re1 Be7 9. d4 0-0 10. a4 a5 11. Bf4 Nbd7 12. Bd3 Bxd3 13. Qxd3 Re8 14. Ne4 Nxe4 15. Qxe4 Nf6 16. Qe2 Qd5 17. c3 b5 18. Qc2 Nd7 19. b3 Qh5 20. Ne5 Nxe5 21. Rxe5 Qg6 22. Qxg6 hxg6 23. axb5 Bd6 24. bxc6 Bxe5 25. Bxe5 Rec8 26. c7 f6 27. Bd6 Ra6 28. Bb4 Rxc7 29. Bxa5 Rxa5 30. Rxa5 Rxc3 31. Rb5 Rc1+ 1-0

[Event "EU-ch Blitz (Women)"]
[Site "Monaco"]
[Date "2024.01.12"]
[Round "8"]
[White "Khurtsilava, Inga"]
[Black "Sivanandan, Bodhana"]
[Result "0-1"]
[WhiteElo "2186"]
[BlackElo "1856"]
[PlyCount "120"]
[EventDate "2024.01.12"]
[EventType "swiss (blitz)"]
[EventRounds "13"]
[EventCountry "MNC"]
[SourceTitle "CB03_2024"]
[SourceDate "2024.01.17"]
[SourceVersion "1"]
[SourceVersionDate "2024.01.17"]
[SourceQuality "1"]

1. Nf3 d5 2. g3 Nf6 3. Bg2 Bf5 4. 0-0 e6 5. d3 h6 6. Nbd2 Be7 7. c4 c6 8. b3 0-0 9. Bb2 Nbd7 10. Ne5 Nxe5 11. Bxe5 Bh7 12. Rc1 Bd6 13. Bb2 Qe7 14. Qc2 Rad8 15. c5 Bc7 16. b4 a6 17. a4 e5 18. Qb3 Rfe8 19. b5 axb5 20. axb5 e4 21. b6 Bb8 22. Bxf6 Qxf6 23. e3 exd3 24. Nf3 Be5 25. Rfd1 d4 26. Nxe5 Qxe5 27. e4 Bxe4 28. Bxe4 Qxe4 29. Qxd3 Qxd3 30. Rxd3 Re5 31. Rc4 Red5 32. Kg2 f5 33. f4 Kf7 34. Kf3 Kf6 35. Ke2 Re8+ 36. Kd2 Re4 37. Ra3 d3 38. Rcc3 Re2+ 39. Kd1 Rxh2 40. Rxd3 Rxc5 41. Rd6+ Ke7 42. Rad3 Rd5 43. R6xd5 cxd5 44. Rxd5 Rb2 45. Rxf5 Rxb6 46. Rc5 Rb3 47. Rc7+ Kf6 48. g4 b5 49. Kc2 Rb4 50. Rc6+ Kf7 51. g5 hxg5 52. fxg5 Rc4+ 53. Rxc4 bxc4 54. Kc3 Kg6 55. Kxc4 Kxg5 56. Kd3 Kf4 57. Ke2 Kg3 58. Kf1 g5 59. Kg1 g4 60. Kf1 Kh2 0-1

[Event "EU-ch Blitz (Women)"]
[Site "Monaco"]
[Date "2024.01.12"]
[Round "13"]
[White "Schippke, Manon"]
[Black "Khurtsilava, Inga"]
[Result "1-0"]
[WhiteElo "2162"]
[BlackElo "2186"]
[PlyCount "99"]
[EventDate "2024.01.12"]
[EventType "swiss (blitz)"]
[EventRounds "13"]
[EventCountry "MNC"]
[SourceTitle "CB03_2024"]
[SourceDate "2024.01.17"]
[SourceVersion "1"]
[SourceVersionDate "2024.01.17"]
[SourceQuality "1"]

1. e4 c5 2. Nf3 Nc6 3. Bb5 g6 4. 0-0 Bg7 5. c3 a6 6. Ba4 b5 7. Bc2 c4 8. b3 a5 9. a4 cxb3 10. Bxb3 bxa4 11. Bxa4 Ba6 12. Re1 e5 13. d4 exd4 14. cxd4 Nge7 15. Nc3 0-0 16. Bg5 h6 17. Bh4 g5 18. Bg3 Ng6 19. Bd6 Re8 20. e5 Nb4 21. Ne4 Nd3 22. Re3 Ndf4 23. Nc5 Nd5 24. Re1 Nc3 25. Qd2 Nxa4 26. Rxa4 Bb5 27. Ra3 Nf4 28. h4 Bc6 29. hxg5 hxg5 30. Ne4 Bxe4 31. Rxe4 Bf8 32. Bxf8 Kxf8 33. Nxg5 Qxg5 34. Rxf4 Qg6 35. Raf3 Re7 36. Rf6 Qb1+ 37. Kh2 Qh7+ 38. Rh6 Qg7 39. Rg3 Re6 40. Rxg7 Kxg7 41. Qg5+ Rg6 42. Rxg6+ fxg6 43. Qe7+ Kh6 44. Qxd7 a4 45. Qd5 Ra7 46. e6 a3 47. Qa2 Kg7 48. d5 Kf6 49. d6 Ra8 50. e7 1-0

[Event "Tbilisi Champions Cup"]
[Site "Tbilisi"]
[Date "2023.10.21"]
[Round "9"]
[White "Khurtsilava, Inga"]
[Black "Qalichava, Akaki"]
[Result "1/2-1/2"]
[WhiteElo "2222"]
[BlackElo "2123"]
[PlyCount "142"]
[EventDate "2023.10.13"]
[EventType "swiss"]
[EventRounds "9"]
[EventCountry "GEO"]
[SourceTitle "Mega2024 Update 01"]
[Source "Chessbase"]
[SourceDate "2023.11.12"]
[SourceVersion "1"]
[SourceVersionDate "2023.11.12"]
[SourceQuality "1"]

1. d4 Nf6 2. Nf3 e6 3. e3 c5 4. Bd3 b6 5. Nbd2 Bb7 6. b3 Be7 7. Bb2 cxd4 8. exd4 0-0 9. 0-0 Nc6 10. a3 Rc8 11. Qe2 Qc7 12. Ne5 d6 13. Ng4 Nxg4 14. Qxg4 d5 15. f4 Bf6 16. Nf3 Ne7 17. Ne5 Nf5 18. Qh3 g6 19. g4 Nd6 20. Rae1 Ne4 21. Qe3 Bg7 22. g5 f6 23. Nf3 Qd6 24. Nd2 fxg5 25. fxg5 Qe7 26. Bxe4 dxe4 27. c4 Rxf1+ 28. Rxf1 Rf8 29. Rxf8+ Qxf8 30. Nf1 Qf5 31. Qg3 e3 32. Qxe3 Bf8 33. Ng3 Qg4 34. Kf2 Be7 35. Bc1 Bd6 36. Ke1 Kf7 37. Qf2+ Ke8 38. Qe3 Kd7 39. b4 Qh4 40. Qf2 Bxg3 41. hxg3 Qh1+ 42. Kd2 Bf3 43. Qe1 Qg2+ 44. Kc3 Be4 45. Bd2 Qf3+ 46. Qe3 Qh1 47. Be1 Bf5 48. b5 Qg2 49. Bd2 Qf1 50. Be1 Qg2 51. Bf2 Qf1 52. Be1 Qg2 53. Bd2 Qf1 54. Be1 Qg2 55. Bd2 Qf1 56. Qe1 Qd3+ 57. Kb4 Qxd4 58. Bc3 Qc5+ 59. Kb3 Bd3 60. a4 Qxc4+ 61. Ka3 Be4 62. Qd1+ Bd5 63. Kb2 Kd6 64. Qd4 Qe2+ 65. Kc1 e5 66. Qb4+ Ke6 67. Qf8 Qe3+ 68. Kb2 Qe2+ 69. Kc1 Qe3+ 70. Kb2 Qe2+ 71. Kc1 Qe3+ 1/2-1/2

[Event "Tbilisi Champions Cup"]
[Site "Tbilisi"]
[Date "2023.10.15"]
[Round "3"]
[White "Khurtsilava, Inga"]
[Black "Quparadze, Giga"]
[Result "0-1"]
[WhiteElo "2222"]
[BlackElo "2494"]
[PlyCount "110"]
[EventDate "2023.10.13"]
[EventType "swiss"]
[EventRounds "9"]
[EventCountry "GEO"]
[SourceTitle "Mega2024 Update 01"]
[Source "Chessbase"]
[SourceDate "2023.11.12"]
[SourceVersion "1"]
[SourceVersionDate "2023.11.12"]
[SourceQuality "1"]

1. d4 Nf6 2. Nf3 b6 3. e3 Bb7 4. Bd3 c5 5. Nbd2 g6 6. b3 Bg7 7. Bb2 0-0 8. 0-0 d6 9. c4 e6 10. a3 Nc6 11. dxc5 bxc5 12. Rb1 Rb8 13. Ne4 Nxe4 14. Bxe4 f5 15. Bxg7 Kxg7 16. Bc2 g5 17. Qd2 g4 18. Qc3+ Qf6 19. Qxf6+ Kxf6 20. Ne1 a5 21. Nd3 Ba6 22. a4 Rg8 23. Rbd1 Ke7 24. Rd2 Bb7 25. Rfd1 Rbd8 26. Kf1 h5 27. Nf4 Nb4 28. Bb1 h4 29. Re1 e5 30. Ne2 Rgf8 31. e4 f4 32. Nc3 Nc6 33. Bc2 Nd4 34. Bd1 Rg8 35. Nb5 Ne6 36. f3 gxf3 37. Bxf3 Bc6 38. h3 Rg5 39. Bg4 Nd4 40. Nxd4 cxd4 41. c5 d5 42. Rxd4 dxe4 43. Rxd8 Kxd8 44. Rd1+ Kc7 45. Rd6 e3 46. Re6 Bd5 47. Rb6 Bc6 48. Ra6 e4 49. Rxa5 f3 50. gxf3 exf3 51. Ra7+ Kd8 52. Rf7 Rxg4 53. hxg4 h3 54. Rf8+ Ke7 55. Rh8 Be4 0-1

[Event "Tbilisi Gaprindashvili Cup (Women)"]
[Site "Tbilisi"]
[Date "2021.09.13"]
[Round "2"]
[White "Khurtsilava, Inga"]
[Black "Nikoladze, Sopio"]
[Result "1-0"]
[WhiteElo "2222"]
[BlackElo "2092"]
[PlyCount "141"]
[EventDate "2021.09.13"]
[EventType "swiss"]
[EventRounds "8"]
[EventCountry "GEO"]
[SourceTitle "CBM 204 Extra"]
[Source "ChessBase"]
[SourceDate "2021.11.30"]
[SourceVersion "1"]
[SourceVersionDate "2021.11.30"]
[SourceQuality "1"]

1. d4 Nf6 2. c4 e6 3. Nc3 Bb4 4. a3 Bxc3+ 5. bxc3 c5 6. e3 0-0 7. Bd3 Nc6 8. Ne2 d6 9. 0-0 e5 10. Qc2 Re8 11. d5 Na5 12. Ng3 b6 13. f4 Ba6 14. fxe5 Rxe5 15. Rf4 h6 16. Bd2 Rc8 17. Raf1 Rc7 18. Nf5 Rxf5 19. Rxf5 Bxc4 20. e4 Ng4 21. h3 Ne5 22. Rxe5 dxe5 23. Be3 Qd6 24. Rf5 Re7 25. Be2 Bxe2 26. Qxe2 c4 27. Qg4 Kh7 28. Qh5 Qg6 29. Qh4 f6 30. a4 Nb7 31. Bc1 Nd6 32. Ba3 Rd7 33. Bxd6 Rxd6 34. Qe1 Qe8 35. Qd1 Qc8 36. Rf2 Qc5 37. Qf3 g6 38. Qe2 Kg7 39. Kh2 Qc7 40. Qa2 Qc5 41. Rb2 a6 42. Rb1 h5 43. Rb4 b5 44. axb5 axb5 45. Rb1 h4 46. Qa5 Rb6 47. Qa7+ Kh6 48. Rf1 b4 49. Rxf6 bxc3 50. Rxb6 c2 51. Rxg6+ Kxg6 52. Qxc5 c1Q 53. Qd6+ Kh7 54. Qe7+ Kg6 55. Qe6+ Kh7 56. Qf5+ Kh6 57. Qf6+ Kh5 58. Qf7+ Kh6 59. d6 Qe3 60. Qf6+ Kh7 61. Qxh4+ Kg8 62. Qd8+ Kg7 63. Qe7+ Kg6 64. Qe6+ Kg7 65. Qxe5+ Kg6 66. Qe6+ Kh7 67. Qf5+ Kg7 68. d7 Qd2 69. e5 c3 70. Qf6+ Kh7 71. d8Q 1-0

[Event "Tbilisi Chiburdanidze Cup (Women)"]
[Site "Tbilisi"]
[Date "2021.09.11"]
[Round "7"]
[White "Khurtsilava, Inga"]
[Black "Khomeriki, Nino"]
[Result "1-0"]
[WhiteElo "2222"]
[BlackElo "2293"]
[PlyCount "95"]
[EventDate "2021.09.08"]
[EventType "swiss (rapid)"]
[EventRounds "8"]
[EventCountry "GEO"]
[SourceTitle "CBM 204 Extra"]
[Source "ChessBase"]
[SourceDate "2021.11.30"]
[SourceVersion "1"]
[SourceVersionDate "2021.11.30"]
[SourceQuality "1"]

1. d4 Nf6 2. Bg5 Ne4 3. Bf4 d5 4. f3 Nf6 5. e3 c5 6. Nc3 e6 7. Nb5 Na6 8. c3 Be7 9. g4 0-0 10. Ne2 Bd7 11. Ng3 Ne8 12. e4 Nb8 13. dxc5 Bxc5 14. Qd2 a6 15. Nd4 Nc6 16. Nb3 Ba7 17. Be3 Ne5 18. Be2 Bxe3 19. Qxe3 Nd6 20. Nd2 Bb5 21. f4 Nec4 22. Bxc4 Bxc4 23. e5 Nb5 24. Nxc4 dxc4 25. Rd1 Qa5 26. 0-0 Rad8 27. f5 Rxd1 28. Rxd1 Rd8 29. Rd2 Rxd2 30. Qxd2 Qc7 31. a4 Na7 32. Ne4 Nc6 33. Qd6 Qxd6 34. exd6 exf5 35. gxf5 Kf8 36. f6 g6 37. d7 h6 38. Nd6 Nd8 39. Nxc4 g5 40. Ne5 Kg8 41. b4 Kh7 42. c4 h5 43. c5 g4 44. b5 axb5 45. axb5 Kh6 46. c6 Kg5 47. c7 Kxf6 48. cxd8Q+ 1-0

[Event "GEO-ch (Women) 78th"]
[Site "Tbilisi"]
[Date "2021.06.21"]
[Round "8"]
[White "Javakhishvili, Lela"]
[Black "Khurtsilava, Inga"]
[Result "1-0"]
[WhiteElo "2473"]
[BlackElo "2231"]
[PlyCount "41"]
[EventDate "2021.06.13"]
[EventType "tourn"]
[EventRounds "9"]
[EventCountry "GEO"]
[EventCategory "2"]
[SourceTitle "CBM 203 Extra"]
[Source "ChessBase"]
[SourceDate "2021.09.30"]
[SourceVersion "1"]
[SourceVersionDate "2021.09.30"]
[SourceQuality "1"]

1. d4 Nf6 2. c4 c5 3. d5 b5 4. cxb5 a6 5. bxa6 g6 6. Nc3 Bg7 7. Nf3 0-0 8. a7 Rxa7 9. e4 Qa5 10. Bd2 Qb6 11. Be2 e6 12. 0-0 exd5 13. e5 Ne4 14. Nxd5 Qxb2 15. Be3 Ba6 16. Bxa6 Nxa6 17. Qd3 Nd6 18. Rfb1 Bxe5 19. Rxb2 Bxb2 20. Rb1 Bg7 21. Ne7+ 1-0

[Event "GEO-ch (Women) 78th"]
[Site "Tbilisi"]
[Date "2021.06.20"]
[Round "7"]
[White "Khurtsilava, Inga"]
[Black "Gvetadze, Sofio"]
[Result "1-0"]
[WhiteElo "2231"]
[BlackElo "2309"]
[PlyCount "111"]
[EventDate "2021.06.13"]
[EventType "tourn"]
[EventRounds "9"]
[EventCountry "GEO"]
[EventCategory "2"]
[SourceTitle "CBM 203 Extra"]
[Source "ChessBase"]
[SourceDate "2021.09.30"]
[SourceVersion "1"]
[SourceVersionDate "2021.09.30"]
[SourceQuality "1"]

1. d4 Nf6 2. Bg5 Ne4 3. Bf4 c5 4. f3 Nf6 5. d5 Qb6 6. Be5 d6 7. Bc3 e5 8. e4 g6 9. Nd2 Bg7 10. a4 0-0 11. g4 Na6 12. Ne2 Qd8 13. Ng3 h6 14. h4 Nh7 15. Bxa6 bxa6 16. Qe2 Rb8 17. Nc4 Qe7 18. b3 Bd7 19. Ne3 Bc8 20. Bd2 Qc7 21. Nc4 Re8 22. Qg2 Nf8 23. Ba5 Qe7 24. Ke2 Rb7 25. Rag1 Kh7 26. Bd2 Rd8 27. Na5 Rc7 28. Rh3 c4 29. Nf5 Bxf5 30. gxf5 cxb3 31. cxb3 Rdc8 32. fxg6+ fxg6 33. Nc4 Rxc4 34. bxc4 Rxc4 35. h5 g5 36. Qg4 Qc7 37. Qf5+ Kh8 38. Rxg5 Rc2 39. Rg2 Qc4+ 40. Ke1 Rb2 41. Qg4 Rb7 42. Rhh2 Qc2 43. Re2 Nh7 44. Kf2 Nf6 45. Qg6 Rb2 46. Rg2 Qc5+ 47. Be3 Rxe2+ 48. Kxe2 Qc4+ 49. Kf2 Qc2+ 50. Kg1 Qc7 51. Bxh6 Bxh6 52. Qxh6+ Nh7 53. Qg6 Qc1+ 54. Kh2 Qf4+ 55. Rg3 Qf8 56. h6 1-0

[Event "GEO-ch (Women) 78th"]
[Site "Tbilisi"]
[Date "2021.06.15"]
[Round "3"]
[White "Lomaia, Diana"]
[Black "Khurtsilava, Inga"]
[Result "1-0"]
[WhiteElo "2068"]
[BlackElo "2231"]
[PlyCount "133"]
[EventDate "2021.06.13"]
[EventType "tourn"]
[EventRounds "9"]
[EventCountry "GEO"]
[EventCategory "2"]
[SourceTitle "CBM 203 Extra"]
[Source "ChessBase"]
[SourceDate "2021.09.30"]
[SourceVersion "1"]
[SourceVersionDate "2021.09.30"]
[SourceQuality "1"]

1. d4 Nf6 2. c4 e6 3. Nc3 d5 4. cxd5 exd5 5. Bg5 Be7 6. e3 c6 7. Bd3 Nbd7 8. Nge2 Nf8 9. Qc2 Ng6 10. a3 0-0 11. 0-0 Re8 12. b4 a6 13. Ng3 Ng4 14. Bxe7 Qxe7 15. h3 Nh6 16. Na4 Rb8 17. Nc5 Qg5 18. a4 f5 19. b5 axb5 20. axb5 Nf8 21. bxc6 bxc6 22. Na6 Rb6 23. Rfb1 Rxb1+ 24. Rxb1 Bd7 25. Nb8 Be6 26. Nxc6 f4 27. exf4 Qxf4 28. Ne2 Qf6 29. Ne5 Nf5 30. Ng4 Qf7 31. Qb3 Nd7 32. Bb5 Rb8 33. Qa2 Nf8 34. Bc6 Rxb1+ 35. Qxb1 Qa7 36. Qb2 Ne7 37. Ne5 Nfg6 38. Nxg6 Nxg6 39. Qb5 Qa2 40. Be8 Nf8 41. Kh2 g5 42. Bh5 Qa7 43. Bf3 Qc7+ 44. Kg1 Qc4 45. Qxc4 dxc4 46. Nc3 Nd7 47. Kf1 Nb6 48. Ke2 Kf7 49. Ke3 Ke7 50. d5 Bc8 51. Kd4 h6 52. Be4 Ba6 53. Bf5 Kf6 54. Bg4 Ke7 55. g3 Kd6 56. f4 gxf4 57. gxf4 Bb7 58. Nb5+ Ke7 59. Be6 h5 60. h4 Kf6 61. Nc3 Ba6 62. f5 Ke7 63. Ne4 Bb7 64. f6+ Kf8 65. Ng5 Nd7 66. Nh7+ Ke8 67. Bxd7+ 1-0

[Event "GEO-ch (Women) 1st League 78th"]
[Site "Tbilisi"]
[Date "2021.03.25"]
[Round "8"]
[White "Khurtsilava, Inga"]
[Black "Gvetadze, Sofio"]
[Result "1-0"]
[WhiteElo "2260"]
[BlackElo "2317"]
[PlyCount "79"]
[EventDate "2021.03.18"]
[EventType "swiss"]
[EventRounds "9"]
[EventCountry "GEO"]
[SourceTitle "CBM 201 Extra"]
[Source "ChessBase"]
[SourceDate "2021.05.31"]
[SourceVersion "1"]
[SourceVersionDate "2021.05.31"]
[SourceQuality "1"]

1. d4 Nf6 2. Nf3 b6 3. e3 Bb7 4. Bd3 e6 5. Nbd2 c5 6. 0-0 Nc6 7. a3 d5 8. b3 Qc7 9. Bb2 Bd6 10. c4 cxd4 11. exd4 0-0 12. Rc1 Qe7 13. b4 dxc4 14. Nxc4 Bf4 15. Rc2 Rac8 16. b5 Nb8 17. a4 Rfd8 18. g3 Bc7 19. Qe2 Qd7 20. Rfc1 Qd5 21. Ne3 Qd7 22. d5 Nxd5 23. Rd2 Qe7 24. Rc4 f5 25. Rc1 Bd6 26. Rxc8 Rxc8 27. Nxd5 Bxd5 28. Bxf5 Rf8 29. Be4 Bxe4 30. Qxe4 Bc5 31. Nd4 Qg5 32. Re2 e5 33. Ne6 Rxf2 34. Rxf2 Bxf2+ 35. Kxf2 Qh5 36. Qxe5 Qxh2+ 37. Ke1 Qh1+ 38. Kd2 Qh6+ 39. Nf4 Nd7 40. Qd5+ 1-0

[Event "GEO-ch (Women) 1st League 78th"]
[Site "Tbilisi"]
[Date "2021.03.20"]
[Round "3"]
[White "Khurtsilava, Inga"]
[Black "Antia, Sopia"]
[Result "1-0"]
[WhiteElo "2260"]
[BlackElo "1594"]
[PlyCount "75"]
[EventDate "2021.03.18"]
[EventType "swiss"]
[EventRounds "9"]
[EventCountry "GEO"]
[SourceTitle "CBM 201 Extra"]
[Source "ChessBase"]
[SourceDate "2021.05.31"]
[SourceVersion "1"]
[SourceVersionDate "2021.05.31"]
[SourceQuality "1"]

1. d4 Nf6 2. Nf3 e6 3. e3 c5 4. Bd3 d5 5. b3 Nc6 6. 0-0 Bd6 7. Bb2 0-0 8. a3 b6 9. Nbd2 Bb7 10. Ne5 Ne7 11. Ng4 Nxg4 12. Qxg4 cxd4 13. exd4 Qc8 14. Nf3 f5 15. Qh5 Rf6 16. Bc1 Ng6 17. Bg5 Nf4 18. Qh4 Ng6 19. Qh3 Nf4 20. Bxf4 Bxf4 21. g3 Bd6 22. Rfe1 h6 23. Re2 Ba6 24. Bxa6 Qxa6 25. Rae1 Re8 26. Qh5 Re7 27. Ne5 Qc8 28. c4 Bxa3 29. Ng6 Rc7 30. cxd5 Rc1 31. Nf4 Kh7 32. dxe6 g6 33. Qf3 g5 34. e7 Rxe1+ 35. Rxe1 Qe8 36. Nd5 Rf7 37. b4 Bb2 38. Qe2 1-0

[Event "Gaprindashvili Cup (Women) 3rd"]
[Site "Tornelo INT"]
[Date "2020.11.12"]
[Round "1.4"]
[White "Tsatsalashvili, Ketevan"]
[Black "Khurtsilava, Inga"]
[Result "0-1"]
[WhiteElo "2331"]
[BlackElo "2260"]
[PlyCount "98"]
[EventDate "2020.11.12"]
[EventType "k.o. (rapid)"]
[EventRounds "4"]
[EventCountry "GEO"]
[SourceTitle "CBM 199 Extra"]
[Source "ChessBase"]
[SourceDate "2021.01.31"]
[SourceVersion "1"]
[SourceVersionDate "2021.01.31"]
[SourceQuality "1"]

1. d4 d5 2. Nf3 Nf6 3. c4 e6 4. g3 c6 5. Bg2 Be7 6. 0-0 0-0 7. Qc2 Ne4 8. Nbd2 f5 9. Ne5 Nd7 10. Nxd7 Bxd7 11. f3 Nxd2 12. Bxd2 Be8 13. Bf4 Bg6 14. cxd5 Qxd5 15. Rfd1 h6 16. Qb3 Qd7 17. Be5 Kh7 18. Rac1 Bh5 19. Rd2 Bg5 20. f4 Bd8 21. e3 Bb6 22. Qc3 Rg8 23. a3 g5 24. Qc2 Bg6 25. Bf1 Qe7 26. b4 a6 27. Qb3 gxf4 28. Bxf4 Rad8 29. Bc4 Bf7 30. Qd1 h5 31. Qf1 Bc7 32. Bxc7 Qxc7 33. Qf4 Qe7 34. Rg2 Rg4 35. Qf2 Rdg8 36. Be2 R4g5 37. Bf3 e5 38. dxe5 Qxe5 39. Re1 h4 40. e4 h3 41. exf5 Qc7 42. Be4 hxg2 43. Qe3 Qe5 44. Qd3 Qf6 45. Kxg2 Rd8 46. Qe3 Kg7 47. Re2 Rg4 48. Rf2 Rxe4 49. Qxe4 Bd5 0-1

[Event "Gaprindashvili Cup (Women) 3rd"]
[Site "Tornelo INT"]
[Date "2020.11.12"]
[Round "1.6"]
[White "Tsatsalashvili, Ketevan"]
[Black "Khurtsilava, Inga"]
[Result "1-0"]
[WhiteElo "2331"]
[BlackElo "2260"]
[PlyCount "69"]
[EventDate "2020.11.12"]
[EventType "k.o. (rapid)"]
[EventRounds "4"]
[EventCountry "GEO"]
[SourceTitle "CBM 199 Extra"]
[Source "ChessBase"]
[SourceDate "2021.01.31"]
[SourceVersion "1"]
[SourceVersionDate "2021.01.31"]
[SourceQuality "1"]

1. Nf3 d5 2. d4 c6 3. c4 Nf6 4. Nbd2 e6 5. e3 Ne4 6. Bd3 f5 7. 0-0 Bd6 8. Ne5 Bxe5 9. dxe5 Nd7 10. f4 Ndc5 11. Be2 a5 12. cxd5 cxd5 13. Nf3 0-0 14. Nd4 Bd7 15. b3 Rf7 16. Bf3 g5 17. Ba3 g4 18. Be2 Rg7 19. Bxc5 Nxc5 20. Rc1 b6 21. Bb5 Bxb5 22. Nxb5 Qh4 23. Nd6 Rg6 24. Qe2 Rf8 25. Rc2 Rh6 26. g3 Qe7 27. Rfc1 Rh3 28. Qb5 Qa7 29. a3 h5 30. b4 axb4 31. axb4 Qa3 32. Rc3 Qb2 33. R1c2 Qb1+ 34. Rc1 Qb2 35. R1c2 1-0

[Event "Gaprindashvili Cup (Women)"]
[Site "Tornelo INT"]
[Date "2020.11.10"]
[Round "7"]
[White "Khurtsilava, Inga"]
[Black "Lomaia, Diana"]
[Result "1/2-1/2"]
[WhiteElo "2260"]
[BlackElo "1946"]
[PlyCount "128"]
[EventDate "2020.11.08"]
[EventType "swiss (rapid)"]
[EventRounds "9"]
[EventCountry "GEO"]
[SourceTitle "CBM 199 Extra"]
[Source "ChessBase"]
[SourceDate "2021.01.31"]
[SourceVersion "1"]
[SourceVersionDate "2021.01.31"]
[SourceQuality "1"]

1. d4 d5 2. Nf3 Nf6 3. e3 c5 4. Nbd2 Nc6 5. a3 e6 6. b3 b6 7. Bb2 Bb7 8. Bd3 Bd6 9. Ne5 0-0 10. 0-0 Nd7 11. Qh5 f5 12. Nxd7 Qxd7 13. Nf3 Qf7 14. Qh3 h6 15. dxc5 bxc5 16. c4 dxc4 17. Bxc4 Na5 18. Ne5 Bxe5 19. Bxe5 Nxc4 20. bxc4 Rfd8 21. Rfd1 Be4 22. f3 Bc2 23. Rdc1 Ba4 24. Qg3 Rd3 25. Re1 Rad8 26. h4 Kh7 27. Kh2 Qg6 28. Rab1 Qxg3+ 29. Kxg3 Bc6 30. a4 Bxa4 31. Ra1 Bb3 32. Rxa7 R8d7 33. Rxd7 Rxd7 34. Rc1 Kg8 35. Rc3 Ba2 36. h5 Kf7 37. Kf4 g5+ 38. hxg6+ Kxg6 39. g3 Ra7 40. Bd6 Ra4 41. Ke5 Bxc4 42. e4 Ba2 43. exf5+ exf5 44. Bxc5 Rc4 45. Rxc4 Bxc4 46. Bd4 h5 47. Kf4 Bd5 48. Bc3 Bc6 49. Ke3 Bd5 50. f4 Bc6 51. Kd4 Be4 52. Ke5 Bc2 53. Bb4 Bd3 54. Be7 Be2 55. Bh4 Bf3 56. Ke6 Bd1 57. Ke7 Be2 58. Kd6 Bd1 59. Kc5 Be2 60. Kd4 Bd1 61. Ke3 Ba4 62. Kd4 Bd1 63. Ke3 Ba4 64. Kd4 Bd1 1/2-1/2

[Event "Gaprindashvili Cup (Women)"]
[Site "Tornelo INT"]
[Date "2020.11.10"]
[Round "8"]
[White "Koridze, Lile"]
[Black "Khurtsilava, Inga"]
[Result "0-1"]
[WhiteElo "2016"]
[BlackElo "2260"]
[PlyCount "88"]
[EventDate "2020.11.08"]
[EventType "swiss (rapid)"]
[EventRounds "9"]
[EventCountry "GEO"]
[SourceTitle "CBM 199 Extra"]
[Source "ChessBase"]
[SourceDate "2021.01.31"]
[SourceVersion "1"]
[SourceVersionDate "2021.01.31"]
[SourceQuality "1"]

1. d4 Nf6 2. c4 e6 3. Nf3 b6 4. g3 Bb7 5. Bg2 Be7 6. 0-0 0-0 7. Nc3 d5 8. b3 Nbd7 9. Qc2 Ne4 10. Bb2 f5 11. cxd5 exd5 12. e3 c6 13. Ne2 Bd6 14. Ne5 Rc8 15. Nf4 Qe7 16. f3 Ng5 17. Nfd3 c5 18. Nxd7 Qxd7 19. dxc5 bxc5 20. Rad1 Qe7 21. Qd2 Rfd8 22. Bc3 Ne6 23. Rfe1 c4 24. Nc1 Nc5 25. bxc4 dxc4 26. Qc2 Qf7 27. Ba5 Rd7 28. Rd4 Ba6 29. Red1 Be5 30. Rxd7 Nxd7 31. Bb4 Nb6 32. Ba5 Bb7 33. Ne2 Nd5 34. Qc1 Bf6 35. e4 fxe4 36. fxe4 Qe7 37. Be1 Nb4 38. Qb1 Nd3 39. Rxd3 cxd3 40. Qxd3 Qc5+ 41. Kh1 Qc4 42. Qe3 Re8 43. Kg1 Bxe4 44. Bc3 Bg6 0-1